000 00610nam a2200241Ia 4500
003 OSt
005 20221007080018.0
006 a|||||r|||| 00| 0
007 ta
008 221006b |||||||| |||| 00| 0 eng d
024 _a42,974
037 _cTextual
040 _aFLL
_cFLL
_beng
041 _2eng
_aeng
082 _aZ(Q2), Q5
100 _aTabasum Samiya
_9694498
245 0 _aHindu law
250 _a1st
260 _aNew Delhi
_bSatyam Law International India
_c2015
300 _axxvi,598p
_ccm.
942 _hZ(Q2), Q5
_cTEXL
_2CC
999 _c1158109
_d1158109